000 00273nam a2200109Ia 4500
008 200302s9999 xx 000 0 und d
100 _aRoger Yee
245 _aHotel and Restaurant Design No 2
260 _bVisual Reference publications Inc.
260 _c2008
300 _a263
999 _c3728
_d3728